Statistics for Discord - The Living Tombstone (lyrics)

Click here to take the quiz!

General Stats

  • This quiz has been taken 32 times
  • The average score is 206 of 269

Answer Stats

Answer% Correct
a
100%
A
100%
I
100%
Discord,
94%
I'm
94%
i'm
94%
the
94%
To
94%
we
94%
do
88%
in
88%
it
88%
no,
88%
afternoon
82%
all
82%
and
82%
And
82%
at
82%
howlin'
82%
moon
82%
not
82%
of
82%
So
82%
summer
82%
What
82%
you
82%
away?
76%
away
76%
can't
76%
curse
76%
did
76%
fan
76%
fear
76%
for
76%
go
76%
going
76%
is
76%
just
76%
middle
76%
name,
76%
one
76%
sleepin'
76%
take
76%
town
76%
are
71%
behind
71%
but
71%
down
71%
else
71%
nagging
71%
pulling
71%
Someone
71%
Something
71%
stepping
71%
stone
71%
terrible
71%
tyranny
71%
your
71%
back
65%
entire
65%
i've
65%
make
65%
move
65%
Or
65%
our
65%
puppeteers,
65%
sit
65%
strings
65%
taking
65%
throne
65%
throne?
65%
through
65%
world
65%
anarchy,
59%
idly,
59%
whatever
59%
alone
53%
anymore
53%
art
53%
prey
53%
terrifying
53%
won't
53%
work
53%
brings
47%
by
47%
letting
47%
Now
47%
quo,
47%
status
47%
symphony
47%
Wreaking
47%
apart
41%
played
41%
with
41%
changing
35%
fine
35%
getting
35%
torn
35%
catastrophy
29%

Score Distribution

Percentile by Number Answered

Percent of People with Each Score

Your Score History

You have not taken this quiz